LEADER 01299cam0 22002891 450 001 SOBE00020437 005 20210413091005.0 010 $a9788873952190 100 $a20111206d2007 |||||ita|0103 ba 101 $aeng 102 $aIT 200 1 $aAcademic malpractice threats and temptations$ean essay of the Magna charta observatory and the National unions of students in Europe (ESIB)$fObservatory for fundamental university value and rights$gAndris Barblan, Michael Daxner, Vanja Ivosevic 210 $aBologna$cBononia university press$d2007 215 $a106 p.$d19 cm 702 1$aBarblan, Andris$3A600200039354$4070 702 1$aDaxner, Michael$3A600200051048$4070 702 1$aIvosevic, Vanja$3SOBA00001992$4070 710 02$a*Magna *charta *observatory$3SOBA00001829$4070$0774556 801 0$aIT$bUNISOB$c20210413$gRICA 850 $aUNISOB 852 $aUNISOB$jFondo|De|Sanctis|F$m155183 912 $aSOBE00020437 940 $aM 102 Monografia moderna SBN 941 $aM 957 $aFondo|De|Sanctis|F$b000387$gCON$d155183$hDeSanctisF$rdono$tN$1menle$2UNISOB$3UNISOB$420111206085448.0$520210413091005.0$6Spinosa$fPer le modalità di consultazione vedi homepage della Biblioteca link Fondi 996 $aAcademic malpractice threats and temptations$91719510 997 $aUNISOB LEADER 03195oam 2200661 450 001 9910713958303321 005 20220506133031.0 024 8 $a37-512 035 $a(CKB)5470000002506079 035 $a(OCoLC)1199299561$z(OCoLC)1204625359 035 $a(EXLCZ)995470000002506079 100 $a20201008d2020 ua 0 101 0 $aeng 135 $aur||||||||||| 181 $ctxt$2rdacontent 182 $cc$2rdamedia 183 $acr$2rdacarrier 200 10$aHearing on National Defense Authorization Act for fiscal year 2020 and oversight of previously authorized programs before the Committee on Armed Services, House of Representatives, One Hundred Sixteenth Congress, first session $eSubcommittee on Readiness hearing on fiscal year 2020 budget request for military construction, energy, and environmental programs : hearing held May 1, 2019 210 1$aWashington :$cU.S. Government Publishing Office,$d2020. 215 $a1 online resource (iii, 118 pages) 300 $aAccess ID (govinfo): CHRG-116hhrg37512. 300 $a"H.A.S.C. no. 116-36." 517 $aHearing on National Defense Authorization Act for fiscal year 2020 and oversight of previously authorized programs before the Committee on Armed Services, House of Representatives, One Hundred Sixteenth Congress, first session 606 $aMilitary bases$zUnited States$xMaintenance and repair 606 $aMilitary bases$xEnergy conservation$zUnited States 606 $aArmed Forces$xAppropriations and expenditures$2fast 606 $aArmed Forces$xEnergy consumption$2fast 606 $aArmed Forces$xMilitary construction operations$2fast 606 $aArmed Forces$xOperational readiness$2fast 606 $aExpenditures, Public$2fast 606 $aMilitary bases$xEnergy conservation$2fast 606 $aMilitary bases$xMaintenance and repair$2fast 607 $aUnited States$xArmed Forces$xAppropriations and expenditures 607 $aUnited States$xArmed Forces$xMilitary construction operations 607 $aUnited States$xArmed Forces$xOperational readiness 607 $aUnited States$xArmed Forces$xEnergy consumption 607 $aUnited States$2fast 608 $aLegislative hearings.$2fast 608 $aLegislative hearings.$2lcgft 615 0$aMilitary bases$xMaintenance and repair. 615 0$aMilitary bases$xEnergy conservation 615 7$aArmed Forces$xAppropriations and expenditures. 615 7$aArmed Forces$xEnergy consumption. 615 7$aArmed Forces$xMilitary construction operations. 615 7$aArmed Forces$xOperational readiness. 615 7$aExpenditures, Public. 615 7$aMilitary bases$xEnergy conservation. 615 7$aMilitary bases$xMaintenance and repair. 801 0$bGPO 801 1$bGPO 801 2$bOCLCF 801 2$bGPO 801 2$bOCLCQ 801 2$bGPO 906 $aBOOK 912 $a9910713958303321 996 $aHearing on National Defense Authorization Act for fiscal year 2020 and oversight of previously authorized programs before the Committee on Armed Services, House of Representatives, One Hundred Sixteenth Congress, first session$93451324 997 $aUNINA